Statistics for Songs from the First Line(s) - 2014

Click here to take the quiz!

General Stats

  • This quiz has been taken 25 times
  • The average score is 12 of 30

Answer Stats

HintAnswer% Correct
SongsI stay out too late / Got nothing in my brain / That's what people say, mm-mm / That's what people say, mm-mmSongShake It Off
85%
SongsI stay out too late / Got nothing in my brain / That's what people say, mm-mm / That's what people say, mm-mmArtist(s)Taylor Swift
85%
SongsWhen your legs don't work like they used to before / And I can't sweep you off of your feetArtist(s)Ed Sheeran
80%
SongsThis hit / That ice cold / Michelle Pfeiffer / That white gold / This one for them hood girlsSongUptown Funk
80%
SongsThis hit / That ice cold / Michelle Pfeiffer / That white gold / This one for them hood girlsArtist(s)Mark Ronson / Bruno Mars
75%
Songs"Oh, don't you dare look back / Just keep your eyes on me." / I said, "You're holding back."SongShut Up And Dance
75%
SongsFirst things first, I'm the realest (Realest) / Drop this and let the whole world feel it (Let 'em feel it)SongFancy
55%
SongsFirst things first, I'm the realest (Realest) / Drop this and let the whole world feel it (Let 'em feel it)Artist(s)Iggy Azalea / Charli XCX
55%
SongsWhen your legs don't work like they used to before / And I can't sweep you off of your feetSongThinking Out Loud
55%
SongsSome legends are told / Some turn to dust or to gold / But you will remember meSongCenturies
50%
SongsSome legends are told / Some turn to dust or to gold / But you will remember meArtist(s)Fall Out Boy
50%
Songs"Oh, don't you dare look back / Just keep your eyes on me." / I said, "You're holding back."Artist(s)Walk the Moon
50%
SongsParty girls don't get hurt / Can't feel anything, when will I learn / I push it down, push it downArtist(s)Sia
45%
SongsWell you can tell everybody / Yeah you can tell everybody / Go ahead and tell everybodySongThe Man
45%
SongsParty girls don't get hurt / Can't feel anything, when will I learn / I push it down, push it downSongChandelier
40%
SongsMy face above the water / My feet can't touch the ground, / Touch the ground, and it feels likeSongWaves
40%
SongsIf you want it, take it / I should've said it before / Tried to hide it, fake it / I can't pretend anymoreArtist(s)Ariana Grande / Zedd
30%
SongsYou and me, we made a vow / For better or for worse / I can't believe you let me downArtist(s)Sam Smith
30%
SongsWhen I need motivation / My one solution is my queen / 'Cause she stays strong / Yeah, yeahSongCheerleader
25%
SongsYou and me, we made a vow / For better or for worse / I can't believe you let me downSongI'm Not The Only One
25%
SongsWhen I need motivation / My one solution is my queen / 'Cause she stays strong / Yeah, yeahArtist(s)Omi / Felix Jaehn
25%
SongsIf you want it, take it / I should've said it before / Tried to hide it, fake it / I can't pretend anymoreSongBreak Free
20%
SongsWell you can tell everybody / Yeah you can tell everybody / Go ahead and tell everybodyArtist(s)Aloe Blacc
15%
SongsMy face above the water / My feet can't touch the ground, / Touch the ground, and it feels likeArtist(s)Mr. Probz / Robin Schulz
15%
SongsTaking me higher than I've ever been before / I'm holding it back, just want to shout out, give me moreSongHideaway
10%
SongsI don't like the way he's looking at you / I'm starting to think you want him too / Am I crazy? Have I lost ya?SongJealous
10%
SongsI don't like the way he's looking at you / I'm starting to think you want him too / Am I crazy? Have I lost ya?Artist(s)Nick Jonas
10%
SongsFell from the sky / Fell from the sky and started walking / Leaving our foot prints on the groundArtist(s)Foxes
5%
SongsTaking me higher than I've ever been before / I'm holding it back, just want to shout out, give me moreArtist(s)Kiesza
5%
SongsFell from the sky / Fell from the sky and started walking / Leaving our foot prints on the groundSongLet Go For Tonight
5%

Score Distribution

Percentile by Number Answered

Percent of People with Each Score

Your Score History

You have not taken this quiz